| 000 | 00566nam a2200229Ia 4500 | ||
|---|---|---|---|
| 003 | OSt | ||
| 005 | 20140318085517.0 | ||
| 008 | 140130s9999 xx 000 0 und d | ||
| 020 | _a9780439655446 | ||
| 050 |
_aQL 666.O6 _b.M386 2004 |
||
| 100 | _aMcCourt, Lisa. | ||
| 245 |
_cLisa McCourt. _aDeadly Snakes / |
||
| 260 |
_bScholastic Inc., _cc2004. _aUSA : |
||
| 300 |
_a32 p. : _bcol. ill. ; _c23 cm. |
||
| 440 | _v1 | ||
| 521 | _aG4 | ||
| 526 | _c660 | ||
| 650 |
_aSnakes _xJuvenile literature. |
||
| 650 | _aSnakes. | ||
| 942 |
_cBK _2lcc |
||
| 999 |
_c40886 _d40886 |
||